00340nam a2200121 a 450000500170000000800410001702000180005805000180007610000180009424500440011226000450015644000170020120140412111406.0070710s19uu xx 00 eng d a0-307-02067-3 aERbMy99 1984 aMoore, Lilian aMy first counting book /cLilian Moore. aU.S.A :bGolden books publishing,c1984. aGolden books